No ordinary summer-ll / (Record no. 5034)
[ view plain ]
| 000 -LEADER | |
|---|---|
| fixed length control field | 00394cam a2200157ua 4500 |
| 041 ## - LANGUAGE CODE | |
| Language code of text/sound track or separate title | eng |
| 082 ## - DEWEY DECIMAL CLASSIFICATION NUMBER | |
| Classification number | 823.308 |
| Item number | FED/NO |
| 100 ## - MAIN ENTRY--AUTHOR NAME | |
| Personal name | Fedin, Konstantin . |
| 245 ## - TITLE STATEMENT | |
| Title | No ordinary summer-ll / |
| 260 ## - PUBLICATION, DISTRIBUTION, ETC. (IMPRINT) | |
| Place of publication | Moscow : |
| Name of publisher | Progress Publishers , |
| Year of publication | 1950. |
| 300 ## - PHYSICAL DESCRIPTION | |
| Number of Pages | 536 ; . |
| 942 ## - ADDED ENTRY ELEMENTS (KOHA) | |
| Koha item type | Books |
| Withdrawn status | Lost status | Damaged status | Home library | Current library | Date acquired | Full call number | Accession Number | Koha item type |
|---|---|---|---|---|---|---|---|---|
| Withdrawn | KAUAET | Sanskrit University | 07/04/2012 | 823.308 | 12048 | Books | ||
| Withdrawn | KAUAET | Sanskrit University | 07/04/2012 | 823.308 | 12049 | Books |
